=LDR 00000nam 2200000 4500 =001 INLIS000000000005442 =005 20130612093706 =008 ***********************************Ind** =035 ##$$0010-061300000005442 =041 ##$$a Ind =082 ##$$a 641.5 =090 ##$$a 641.5, Afi m =100 ##$$a Afifah, Nur Ny. =245 ##$$a Menu hasil laut paling pavorit / Ny. Nur Afifah =650 ##$$a 21 cm $b Solo : Aneka =710 ##$$a 160 hlm. : ilus. ; 21 cm =850 ##$$a Masakan